Mixed effects models and extensions in ecology with R
Guardado en:
| Autor principal: | |
|---|---|
| Formato: | Libro |
| Lenguaje: | inglés |
| Publicado: |
New York
Springer
2009
|
| Colección: | Statistics for biology and health
|
| Materias: | |
| Etiquetas: |
Sin Etiquetas, Sea el primero en etiquetar este registro!
|
MARC
| LEADER | 00000nam$a2200000$$$4500 | ||
|---|---|---|---|
| 001 | 0114672 | ||
| 005 | 20240306135838.3 | ||
| 020 | |a 978-0-387-87457-9 | ||
| 022 | |a 1431-8776 | ||
| 041 | 0 | |a eng | |
| 044 | |a US | ||
| 245 | 1 | 0 | |a Mixed effects models and extensions in ecology with R |c Alain F. Zuur ... [et al.] |
| 264 | 1 | |a New York |b Springer |c 2009 | |
| 300 | |a 574 s. | ||
| 490 | 1 | |a Statistics for biology and health | |
| 830 | 0 | |a Statistics for biology and health | |
| 610 | 2 | 0 | |a regresia |
| 610 | 2 | 0 | |a modely lineárne |
| 610 | 2 | 0 | |a korelácia |
| 610 | 2 | 0 | |a modelovanie |
| 610 | 2 | 0 | |a odhad štatistický |
| 610 | 2 | 0 | |a dáta |
| 610 | 2 | 0 | |a rady časové |
| 610 | 2 | 0 | |a ekológia |
| 100 | 1 | |a Zuur, Alain F. | |